セイコーマートが10店舗以上の市町村 - Statistics

General Stats
  • This quiz has been taken 953 times
  • The average score is 16 of 21
Answer Stats
店舗数 Answer % Correct
271 札幌市
100%
34 旭川市
99%
22 函館市
98%
32 釧路市
95%
40 苫小牧市
94%
22 帯広市
94%
16 小樽市
92%
17 稚内市
91%
17 千歳市
90%
19 北見市
89%
11 室蘭市
86%
10 根室市
86%
14 岩見沢市
82%
14 石狩市
76%
19 江別市
74%
17 恵庭市
73%
10 滝川市
70%
12 水戸市
45%
10 音更町
27%
12 新ひだか町
25%
10 石岡市
14%
No matching quizzes found
Score Distribution
Percent of People with Each Score
Percentile by Number Answered
Your Score History
You have not taken this quiz